Circuitos electrónicos analógicos: del diseño al experimento (Registro nro. 11439)
[ vista simple ]
| 000 -Cabecera | |
|---|---|
| Campo de control de longitud fija | 01092nam a22003737a 4500 |
| 005 - Fecha y hora de la última transacción | |
| Campo de control | 20230831155622.0 |
| 008 - Elementos de longitud fija--Información general | |
| Campo de control de longitud fija | 181210b2017 xxu||||| |||| 00| 0 spa d |
| 020 ## - International Standard Book Number | |
| Número Internacional Estándar del Libro (ISBN) | 9786076227312 |
| 041 ## - Idioma | |
| Código de idioma | Español |
| 082 ## - Clasificación Decimal Dewey | |
| Número de clasificación | 621.381.5 V393c2 |
| 100 ## - Entrada principal--Autor personal | |
| Nombre personal | Vázquez del Real, Javier |
| 245 ## - Título propiamente dicho | |
| Título | Circuitos electrónicos analógicos: del diseño al experimento |
| 250 ## - Edición | |
| Mención de edición | 2 edición |
| 260 ## - Pie de imprenta | |
| Lugar de publicación, distribución, etc. | México |
| 260 ## - Pie de imprenta | |
| Nombre del editor, distribuidor, etc. | Alfaomega |
| 260 ## - Pie de imprenta | |
| Fecha de publicación, distribución, etc. | 2017 |
| 300 ## - Descripción física | |
| Extensión | 468 páginas |
| 650 ## - Materia general | |
| Temática (materia general) | ELECTRÓNICA |
| 650 ## - Materia general | |
| Temática (materia general) | ELECTRÓNICA DIGITAL |
| 650 ## - Materia general | |
| Temática (materia general) | PUERTOS LÓGICOS |
| 650 ## - Materia general | |
| Temática (materia general) | DIODOS |
| 650 ## - Materia general | |
| Temática (materia general) | TRANSISTOR DE UNIÓN BIPOLAR |
| 650 ## - Materia general | |
| Temática (materia general) | AMPLIFICADOR OPERACIONAL |
| 650 ## - Materia general | |
| Temática (materia general) | ELECTRÓNICA OPERACIONAL |
| 650 ## - Materia general | |
| Temática (materia general) | CIRCUITOS AMPLIFICADORES |
| 650 ## - Materia general | |
| Temática (materia general) | OSCILADORES SENOIDALES |
| 650 ## - Materia general | |
| Temática (materia general) | SISTEMAS LINEALES |
| 650 ## - Materia general | |
| Temática (materia general) | CIRCUITOS INTEGRADOS |
| 650 ## - Materia general | |
| Temática (materia general) | CONFORMADORES DE SEÑALES |
| 650 ## - Materia general | |
| Temática (materia general) | GENERADORES DE PULSOS |
| 650 ## - Materia general | |
| Temática (materia general) | CIRCUITOS CON DIODOS |
| 942 ## - Punto de acceso adicional KOHA | |
| Tipo de ítem KOHA | Libro |
| Fuente del sistema de clasificación o colocación | Dewey Decimal Classification |
| Signatura completa | Código de barras | Programa Académico | Tipo de ítem |
|---|---|---|---|
| 621.381.5 V393c2 | 23776 | Electrónica | Libro |
| 621.381.5 V393c2 | 25180 | Electrónica | Libro |